00723nam a2200205Ia 4500003000900000008004100009040001600050080001600066100002500082245008500107260005100192300001500243650003500258650002600293700003300319700002600352942000700378999001500385952011700400IN-BaIIA211028s9999 xx 000 0 eng d cIIA Library a658.31bAGA aKrishna, Radha97325 4aThe Income tax act 1961cRadha Krishna, Virendra Singh and Das Lakshman Agarwala aAllahabadbRam Narainlal Beni Prasad Lawc1971 axii, 248p. aCentral Government Rules97081 aOthers Thesaurus9637 aAgarwala, Das Lakshman97326 aSingh, Virendra97327 cBK c4163d4163 00104070aBANbKODcGENd1973-04-17g10.00l0o658.31/ AGAp4646r2021-11-05v10.00w1973-04-17yBKGRs. 10.00